Pearl Jam: Albums by Cover - Statistics

General Stats
  • This quiz has been taken 55 times
  • The average score is 8 of 12
Answer Stats
Picture Hint Answer % Correct
1991 Ten
98%
1994 Vitalogy
87%
1993 Vs.
87%
2006 Pearl Jam
78%
1998 Yield
76%
2024 Dark Matter
65%
1996 No Code
61%
2000 Binaural
57%
2009 Backspacer
50%
2020 Gigaton
50%
2013 Lightning Bolt
50%
2002 Riot Act
48%
No matching quizzes found
Score Distribution
Percent of People with Each Score
Percentile by Number Answered
Your Score History
You have not taken this quiz